| 000 | 01252cab a2200193 4500 | ||
|---|---|---|---|
| 001 | ##L131267 | ||
| 008 | 051014n2005 000 0 eng u | ||
| 035 | _a(Sirsi) u131267 | ||
| 041 | 0 | _aeng | |
| 100 | 1 | _aCole, Margo | |
| 245 | 0 | 0 | _aTeam-working to boost safety |
| 260 | _c2005 | ||
| 490 | 0 |
_aNew Steel Construction _v13(9) October 2005 20-21(2) |
|
| 520 | _aExamines the likely effects on steel designers and fabricators of proposed changes by the HSE to the Construction (Design and Management) Regulations (CDM). The proposals seek to place more responsibility on the client for safety matters, by demonstrating that they have appointed a competent designer and main contractor. They also require better coordination and cooperation between all parties involved in a contract. The British Constructional Steelwork Association (BCSA) broadly supports the proposals, but believes that they do not address the realities of the way contracts are run. It is also concerned that they may place extra liabilities on steel specialists. | ||
| 590 | _aIKA251005 | ||
| 650 | 2 | 4 | _aCONSTRUCTION (DESIGN AND MANAGEMENT) REGULATIONS |
| 690 | _aMANAGEMENT-HEALTH AND SAFETY-HEALTH AND SAFETY RISK MANAGEMENT-HEALTH AND SAFETY RISK PLANNING | ||
| 942 | _n0 | ||
| 999 |
_c76007 _d76007 |
||